Pravidelne ziskový cukrovar
Finančná analýza Trnavského cukrovaru, a.s., Trnava. Predmet podnikania spoločnosti. Hodnotenie situácie v odvetví cukrovarníctva na Slovensku. Základné ekonomické a finančné ukazovatele Trnavského cukrovaru, a.s. Vývoj koeficientu likvidity. Štruktúra akcionárov. Swot analýza. Obchodovanie na BCPB...
Salvato in:
| Autore principale: | |
|---|---|
| Natura: | Libro |
| Lingua: | slovacco |
| Soggetti: | |
| Tags: |
Nessun Tag, puoi essere il primo ad aggiungerne!!
|
MARC
| LEADER | 00000nam a2200000 4500 | ||
|---|---|---|---|
| 001 | r031893 | ||
| 005 | 20251104124741.1 | ||
| 041 | 0 | |a slo | |
| 044 | |a SK | ||
| 245 | 1 | 0 | |a Pravidelne ziskový cukrovar |c Jaroslav Kukučka |
| 520 | |a Finančná analýza Trnavského cukrovaru, a.s., Trnava. Predmet podnikania spoločnosti. Hodnotenie situácie v odvetví cukrovarníctva na Slovensku. Základné ekonomické a finančné ukazovatele Trnavského cukrovaru, a.s. Vývoj koeficientu likvidity. Štruktúra akcionárov. Swot analýza. Obchodovanie na BCPB a RM-S. | ||
| 610 | 2 | 0 | |a potravinárstvo |
| 610 | 2 | 0 | |a cukrovary |
| 610 | 2 | 0 | |a podnik výrobný |
| 610 | 2 | 0 | |a podnikanie |
| 610 | 2 | 0 | |a Slovensko |
| 610 | 2 | 0 | |a ukazovatele ekonomické |
| 610 | 2 | 0 | |a ukazovatele finančné |
| 610 | 2 | 0 | |a analýza finančná |
| 610 | 2 | 0 | |a likvidita |
| 610 | 2 | 0 | |a akcionári |
| 610 | 2 | 0 | |a akcie |
| 610 | 2 | 0 | |a analýza swot |
| 610 | 2 | 0 | |a obchody burzové |
| 610 | 2 | 0 | |a Trnavský cukrovar, a.s. Trnava |
| 610 | 2 | 0 | |a BCP Bratislava |
| 610 | 2 | 0 | |a RM-Systém Slovakia |
| 100 | 1 | |a Kukučka, Jaroslav | |